The Complete Reference Visual Basic 6 (Record no. 4788)

MARC details
000 -LEADER
fixed length control field 00347nam a2200133Ia 4500
008 - FIXED-LENGTH DATA ELEMENTS--GENERAL INFORMATION
fixed length control field 221030s9999 xx 000 0 und d
041 ## - LANGUAGE CODE
Language code of text/sound track or separate title
082 ## - DEWEY DECIMAL CLASSIFICATION NUMBER
Classification number 105.23
Item number Spe
100 ## - MAIN ENTRY--AUTHOR NAME
Personal name Noel Jerke
245 #4 - TITLE STATEMENT
Title The Complete Reference Visual Basic 6
Statement of responsibility, etc by Noel Jerke
260 ## - PUBLICATION, DISTRIBUTION, ETC. (IMPRINT)
Name of publisher CBS Pub
Place of publication New Delhi
Year of publication 1994
650 ## - SUBJECT ADDED ENTRY--TOPICAL TERM
Topical Term CSE Departmental
942 ## - ADDED ENTRY ELEMENTS (KOHA)
Koha item type Books
Holdings
Accession Number Cost, normal purchase price Full call number Price effective from Koha item type Withdrawn / writtenoff status Materials specified (bound volume or other part) Damaged status Not for loan Permanent Location Current Location Shelving location Date acquired Lost/ Missing status department
BE 1024 75.00 105.23 Spe 10/30/2022 Books   Print   Not For Loan MIET Library, Jammu MIET Library, Jammu BL-Departmental, FL-1, CUP-23, SH-3, R-3 02/10/2000   BE